[Event "4NCL Division 2b"]
[Site "Hinckley Island ENG"]
[Date "2014.02.15"]
[Round "5.63"]
[White "Thompson, Ian D"]
[Black "Sands, David A"]
[Result "1/2-1/2"]
[WhiteElo "2215"]
[BlackElo "2224"]
[PlyCount "89"]
[EventDate "2014.02.15"]
[WhiteTeam "BCM Dragons (1)"]
[BlackTeam "Barbican 4NCL Youth"]

1. c4 c6 2. Nf3 d5 3. e3 Nf6 4. Nc3 e6 5. b3 Nbd7 6. d4 Bb4 7. Bb2 Qa5 8. Qc2
Ne4 9. Rc1 Qxa2 10. Bd3 Nxc3 11. Bxc3 Qxc2 12. Rxc2 Bd6 13. O-O O-O 14. c5 Bc7
15. b4 a6 16. Ra1 Rb8 17. Nd2 e5 18. f3 Re8 19. Kf2 exd4 20. exd4 Nf8 21. Nf1
Bd7 22. g3 Bd8 23. Rd2 Bf6 24. Ne3 g6 25. Re2 Bg7 26. Rae1 Ne6 27. Nc2 Nc7 28.
Rxe8+ Rxe8 29. Rxe8+ Bxe8 30. Na1 Bd7 31. Nb3 Kf8 32. Ke3 Ke7 33. Na5 Bc8 34.
Be2 Kd7 35. Bd3 Bh6+ 36. Ke2 Ne6 37. Nb3 Kc7 38. Kf2 Bg7 39. Ke2 Bf6 40. Kf2
Be7 41. Ke2 Bd7 42. Kf2 Kc8 43. Ke2 Bd8 44. Kf2 Bc7 45. Bd2 1/2-1/2

[Event "4NCL Division 2b"]
[Site "Hinckley Island ENG"]
[Date "2014.02.15"]
[Round "5.64"]
[White "Stewart, Ashley"]
[Black "Webb, Richard M"]
[Result "1/2-1/2"]
[WhiteElo "2036"]
[BlackElo "2261"]
[PlyCount "26"]
[EventDate "2014.02.15"]
[WhiteTeam "Barbican 4NCL Youth"]
[BlackTeam "BCM Dragons (1)"]

1. d4 Nf6 2. Nf3 g6 3. g3 d5 4. Bg2 Bg7 5. c4 c6 6. cxd5 cxd5 7. Nc3 Ne4 8.
Nxe4 dxe4 9. Ne5 Qd5 10. Qc2 Nd7 11. Qxe4 Qxe4 12. Bxe4 Nxe5 13. dxe5 Bxe5
1/2-1/2

[Event "4NCL Division 2b"]
[Site "Hinckley Island ENG"]
[Date "2014.02.15"]
[Round "5.65"]
[White "Tavares, Shawn P"]
[Black "Brett, Andrew R"]
[Result "1/2-1/2"]
[WhiteElo "2138"]
[BlackElo "2142"]
[PlyCount "94"]
[EventDate "2014.02.15"]
[WhiteTeam "BCM Dragons (1)"]
[BlackTeam "Barbican 4NCL Youth"]

1. e4 e5 2. Nf3 Nc6 3. Bb5 a6 4. Ba4 Nf6 5. O-O Be7 6. Re1 b5 7. Bb3 O-O 8. h3
Bb7 9. c3 d5 10. exd5 Nxd5 11. d4 exd4 12. cxd4 Bf6 13. Nc3 Nxc3 14. bxc3 b4
15. Bb2 Na5 16. cxb4 Nxb3 17. Qxb3 Bd5 18. Qc3 Qb8 19. Ne5 Rd8 20. a3 Qb7 21.
Qg3 Qb6 22. Rac1 a5 23. Qc3 Rab8 24. Nd3 axb4 25. axb4 c6 26. Qc5 Qb7 27. Ra1
Ra8 28. Rxa8 Rxa8 29. Ra1 Rxa1+ 30. Bxa1 Be7 31. Qa5 h6 32. Bc3 Qd7 33. Nf4 Bc4
34. Qe5 Bd6 35. Qe4 f5 36. Qf3 g5 37. Nh5 Qe6 38. g4 f4 39. Qxc6 Qe2 40. Nf6+
Kf7 41. Qd7+ Qe7 42. Qxe7+ Bxe7 43. Ne4 Ke6 44. f3 Kd5 45. Kf2 Bd3 46. Nd2 Bf6
47. Bb2 Be7 1/2-1/2

[Event "4NCL Division 2b"]
[Site "Hinckley Island ENG"]
[Date "2014.02.15"]
[Round "5.66"]
[White "Moss, Guy"]
[Black "Coates, Kenneth G"]
[Result "1/2-1/2"]
[WhiteElo "2007"]
[BlackElo "2156"]
[PlyCount "107"]
[EventDate "2014.02.15"]
[WhiteTeam "Barbican 4NCL Youth"]
[BlackTeam "BCM Dragons (1)"]

1. e4 e5 2. Nf3 Nc6 3. Bb5 f5 4. d4 fxe4 5. Nxe5 Nxe5 6. dxe5 c6 7. Bc4 Qa5+ 8.
Nc3 Qxe5 9. Bxg8 Rxg8 10. Qe2 d5 11. Bd2 Bd6 12. O-O-O Bf5 13. f3 O-O-O 14.
fxe4 Bxe4 15. Rhf1 Rgf8 16. Nxe4 Qxe4 17. Qxe4 dxe4 18. Be3 Kc7 19. Rxf8 Rxf8
20. g3 b6 21. Re1 h5 22. Bd4 g6 23. Rxe4 Rf1+ 24. Kd2 Rh1 25. Re2 h4 26. gxh4
Rxh2 27. Rxh2 Bxh2 28. Ke3 Kd6 29. Ke4 Ke6 30. Bf2 Bc7 31. c4 a6 32. b3 b5 33.
cxb5 cxb5 34. a4 bxa4 35. bxa4 Be5 36. Be1 Bb2 37. Bb4 Bf6 38. Be1 Kd6 39. Bf2
Kc6 40. Kf4 Kd5 41. Kg4 Kc4 42. Bb6 Kb4 43. a5 Kb5 44. Bc7 Kc6 45. Bb6 Kb5 46.
Bc7 Be7 47. Bb6 Kc6 48. h5 gxh5+ 49. Kxh5 Bc5 50. Bxc5 Kxc5 51. Kg4 Kb5 52. Kf3
Kxa5 53. Ke2 Kb4 54. Kd2 1/2-1/2

[Event "4NCL Division 2b"]
[Site "Hinckley Island ENG"]
[Date "2014.02.15"]
[Round "5.67"]
[White "Purdon, Colin"]
[Black "Bhatia, Kanwal K"]
[Result "1-0"]
[WhiteElo "2134"]
[BlackElo "2054"]
[PlyCount "155"]
[EventDate "2014.02.15"]
[WhiteTeam "BCM Dragons (1)"]
[BlackTeam "Barbican 4NCL Youth"]

1. d4 Nf6 2. c4 c5 3. d5 b5 4. Nf3 Bb7 5. Qc2 bxc4 6. e4 e6 7. Bxc4 exd5 8.
exd5 Bxd5 9. Bxd5 Nxd5 10. O-O Nc6 11. Qe4+ Nde7 12. Re1 d5 13. Qa4 Qd7 14. Nc3
Rb8 15. Qd1 d4 16. Ne4 Qd5 17. Bf4 Rxb2 18. Qc1 Rb6 19. Nxc5 f6 20. Ne6 Kd7 21.
Nfxd4 Ng6 22. Nxf8+ Rxf8 23. Ne6 Rc8 24. Nc5+ Kd8 25. Ne6+ Kd7 26. Qe3 Nxf4 27.
Nxf4 Qf7 28. Rad1+ Kc7 29. Nd5+ Kb7 30. Nxb6 axb6 31. Rb1 Qc7 32. a4 Ra8 33.
Qe4 Ra5 34. Rec1 Qd6 35. Rb5 Ra6 36. Rb2 f5 37. Qf3 Rxa4 38. Rbc2 Re4 39. Qc3
Re6 40. Qxg7+ Qe7 41. Qxe7+ Nxe7 42. Kf1 Nc6 43. Re2 Rh6 44. h3 b5 45. Rd2 b4
46. Rd5 f4 47. Rb5+ Ka6 48. Rxc6+ Rxc6 49. Rxb4 Rf6 50. Ke2 Ka5 51. Rb3 Ka4 52.
Rf3 Kb4 53. Kd3 Kc5 54. Ke4 Rg6 55. Rxf4 Rxg2 56. Ke5 Rg6 57. Rh4 Rg5+ 58. Kf6
Rg6+ 59. Kf7 Rg2 60. f4 Rf2 61. Rh5+ Kd6 62. f5 Rf3 63. f6 Kd7 64. Rxh7 Rg3 65.
Kf8+ Ke6 66. f7 Kf6 67. Rh6+ Kg5 68. Re6 Kf5 69. Re7 Ra3 70. Rb7 Re3 71. h4 Re6
72. Kg7 Rg6+ 73. Kh7 Rf6 74. Rb5+ Ke6 75. Kg8 Rg6+ 76. Kf8 Kd7 77. Rg5 Rf6 78.
Kg7 1-0

[Event "4NCL Division 2b"]
[Site "Hinckley Island ENG"]
[Date "2014.02.15"]
[Round "5.68"]
[White "Verma, Aditya"]
[Black "Head, Louise"]
[Result "0-1"]
[WhiteElo "1643"]
[BlackElo "1793"]
[PlyCount "94"]
[EventDate "2014.02.15"]
[WhiteTeam "Barbican 4NCL Youth"]
[BlackTeam "BCM Dragons (1)"]

1. g3 d5 2. Nf3 Nf6 3. Bg2 c6 4. d4 Bf5 5. O-O e6 6. c4 Be7 7. Nc3 Nbd7 8. cxd5
exd5 9. a3 O-O 10. Bg5 h6 11. Bxf6 Bxf6 12. e3 Re8 13. b4 a6 14. Qe2 b5 15.
Rfc1 Nb6 16. Qd1 Qd7 17. Nd2 Bg4 18. Bf3 Bxf3 19. Qxf3 a5 20. Qd1 Qd6 21. Qb3
Nc4 22. Nxc4 bxc4 23. Qa4 axb4 24. Qxb4 Be7 25. Qxd6 Bxd6 26. a4 Bb4 27. Rab1
Bxc3 28. Rxc3 Rxa4 29. Rb6 Rc8 30. Kg2 Rc7 31. h4 Kf8 32. Kf3 Ra8 33. Kf4 Re8
34. Ra3 Re6 35. Kf3 Ke7 36. Raa6 Kd7 37. Ke2 c5 38. dxc5 Rxc5 39. Rb7+ Rc7 40.
Rxc7+ Kxc7 41. Ra7+ Kb6 42. Rxf7 d4 43. Rxg7 d3+ 44. Kd2 Rd6 45. Rg4 c3+ 46.
Kd1 c2+ 47. Kd2 Rc6 0-1

[Event "4NCL Division 2b"]
[Site "Hinckley Island ENG"]
[Date "2014.02.15"]
[Round "5.71"]
[White "Padilla Cabero, Pablo"]
[Black "Gantner, Matthias"]
[Result "1-0"]
[WhiteElo "2160"]
[BlackElo "2246"]
[PlyCount "105"]
[EventDate "2014.02.15"]
[WhiteTeam "Brown Jack"]
[BlackTeam "White Rose 2"]

1. f4 Nh6 2. g3 g6 3. Bg2 Bg7 4. Nh3 O-O 5. O-O d5 6. c3 c5 7. d3 d4 8. e4 dxe3
9. Bxe3 Qc7 10. Nf2 Nf5 11. Bd2 Nc6 12. Na3 e5 13. Nc2 Be6 14. Qf3 Rad8 15.
Rfd1 Qb6 16. Bc1 exf4 17. Qxf4 Rfe8 18. Qa4 Ne5 19. Ne1 Rd7 20. Qc2 Bd5 21.
Bxd5 Rxd5 22. Bf4 h6 23. Rd2 g5 24. Bxe5 Rdxe5 25. Ng2 Qc6 26. Ng4 R5e6 27. Rf1
Ne7 28. N4e3 Ng6 29. Nf5 Ne5 30. Qd1 b5 31. d4 cxd4 32. cxd4 Nc4 33. Rdf2 Rf6
34. b3 Nd6 35. Nge3 Nxf5 36. Nxf5 Qd5 37. Qd3 Re4 38. Qc2 Rc6 39. Qd1 Bxd4 40.
Nxd4 Rxd4 41. Qh5 Rc7 42. Qxh6 Rd1 43. Rxd1 Qxd1+ 44. Kg2 Qd5+ 45. Kh3 Rc6 46.
Qh5 Rg6 47. g4 Kg7 48. Rf5 Qxf5 49. gxf5 Rh6 50. f6+ Kh7 51. Kg4 Rxh5 52. Kxh5
g4 53. b4 1-0

[Event "4NCL Division 2b"]
[Site "Hinckley Island ENG"]
[Date "2014.02.15"]
[Round "5.72"]
[White "Townsend, M Paul"]
[Black "Martin, Lewis"]
[Result "1-0"]
[WhiteElo "2241"]
[BlackElo "2043"]
[PlyCount "85"]
[EventDate "2014.02.15"]
[WhiteTeam "White Rose 2"]
[BlackTeam "Brown Jack"]

1. d4 Nf6 2. c4 g6 3. Nc3 d5 4. Nf3 Bg7 5. Qb3 dxc4 6. Qxc4 O-O 7. e4 a6 8. Be2
b5 9. Qb3 Bb7 10. e5 Nd5 11. O-O Nxc3 12. Qxc3 Nd7 13. a4 bxa4 14. Rxa4 c5 15.
dxc5 Qc7 16. Bf4 Qxc5 17. Rc4 Qb6 18. Rd1 Rad8 19. Rc7 Bc8 20. Rc1 Qb8 21. Bg5
Bb7 22. Bxe7 Bxf3 23. Qxf3 Nxe5 24. Qe3 Rc8 25. Bxf8 Rxc7 26. Rxc7 Qxc7 27.
Bxg7 Kxg7 28. Bxa6 f6 29. h3 Qc2 30. Qc3 Qd1+ 31. Bf1 g5 32. b4 Ng6 33. b5 Nf4
34. Qe3 Qb1 35. Qe7+ Kg6 36. Qe8+ Kg7 37. g3 Nxh3+ 38. Kg2 Qf5 39. Qe7+ Kg6 40.
Qe3 Qd5+ 41. Qf3 Qe6 42. Bd3+ Kg7 43. Qf5 1-0

[Event "4NCL Division 2b"]
[Site "Hinckley Island ENG"]
[Date "2014.02.15"]
[Round "5.73"]
[White "Girdlestone, Paul C"]
[Black "Adams, David M"]
[Result "0-1"]
[WhiteElo "2116"]
[BlackElo "2205"]
[PlyCount "101"]
[EventDate "2014.02.15"]
[WhiteTeam "Brown Jack"]
[BlackTeam "White Rose 2"]

1. d4 d5 2. Nf3 Nf6 3. c4 c6 4. e3 Bg4 5. h3 Bxf3 6. Qxf3 Nbd7 7. Nc3 e6 8. Bd3
Bd6 9. O-O O-O 10. Bd2 dxc4 11. Bxc4 e5 12. Bb3 Qe7 13. Rac1 Rac8 14. dxe5 Nxe5
15. Qe2 Rcd8 16. Bc2 Bc7 17. Nb1 Qd6 18. g3 Qxd2 19. Nxd2 Rxd2 20. Rfe1 Rxe2
21. Rxe2 Rd8 22. b4 Nd5 23. b5 cxb5 24. Be4 Nc6 25. Rc5 Nde7 26. Rxb5 Bb6 27.
a4 g6 28. Ra2 Na5 29. Kg2 Nc8 30. Bf3 Nd6 31. Rb4 Kf8 32. g4 Bc5 33. Rb1 b6 34.
Bd5 Ndc4 35. e4 Ke7 36. Rc1 Ne5 37. Rc3 g5 38. h4 gxh4 39. Rh3 Ng6 40. Kf3 Rd6
41. g5 Nc6 42. Kg4 f6 43. f4 fxg5 44. Kxg5 h6+ 45. Kg4 Nb4 46. Rd2 Nxd5 47.
exd5 Kf6 48. f5 h5+ 49. Kf3 Kxf5 50. Rh1 Ne5+ 51. Ke2 0-1

[Event "4NCL Division 2b"]
[Site "Hinckley Island ENG"]
[Date "2014.02.15"]
[Round "5.74"]
[White "O'Driscoll, Kieran"]
[Black "Headlong, Timothy"]
[Result "1/2-1/2"]
[WhiteElo "2112"]
[BlackElo "2159"]
[PlyCount "55"]
[EventDate "2014.02.15"]
[WhiteTeam "White Rose 2"]
[BlackTeam "Brown Jack"]

1. d4 d5 2. c4 e6 3. Nc3 c5 4. cxd5 exd5 5. Nf3 Nc6 6. g3 Nf6 7. Bg2 Be7 8. O-O
O-O 9. Bg5 cxd4 10. Nxd4 h6 11. Be3 Bg4 12. Qa4 Na5 13. Rad1 Nc4 14. Bc1 Nb6
15. Qb5 Rc8 16. h3 Bd7 17. Qd3 Re8 18. Nf5 Be6 19. Nxe7+ Qxe7 20. b3 Qd7 21.
Kh2 d4 22. Nb5 Bf5 23. e4 Bxe4 24. Bxe4 Rxe4 25. Bb2 Rc5 26. Nxd4 Rh5 27. h4
Rd5 28. f3 1/2-1/2

[Event "4NCL Division 2b"]
[Site "Hinckley Island ENG"]
[Date "2014.02.15"]
[Round "5.75"]
[White "Rabbitt, Michael"]
[Black "Shaw, Peter"]
[Result "1/2-1/2"]
[WhiteElo "2045"]
[BlackElo "2164"]
[PlyCount "77"]
[EventDate "2014.02.15"]
[WhiteTeam "Brown Jack"]
[BlackTeam "White Rose 2"]

1. e4 e6 2. d4 b6 3. Nc3 Bb7 4. Nf3 Bb4 5. Bd3 Nf6 6. Qe2 d5 7. exd5 Nxd5 8.
Bd2 Nxc3 9. bxc3 Be7 10. O-O O-O 11. Be4 Bxe4 12. Qxe4 Nd7 13. Rfd1 Nf6 14. Qc6
Qd5 15. Qxd5 exd5 16. Bg5 Rfe8 17. Bxf6 Bxf6 18. Re1 Kf8 19. Kf1 Rxe1+ 20. Rxe1
Re8 21. Rxe8+ Kxe8 22. Ke2 Kd7 23. Kd3 b5 24. Nd2 h5 25. Nb3 Be7 26. Ke3 Bd6
27. h3 g6 28. g3 Ba3 29. Kd3 Kc6 30. Kd2 Kb6 31. Kd3 a5 32. Nd2 f6 33. f4 Bd6
34. Nf3 Kc6 35. Ke3 Kd7 36. g4 hxg4 37. hxg4 Ke6 38. Nh4 g5 39. f5+ 1/2-1/2

[Event "4NCL Division 2b"]
[Site "Hinckley Island ENG"]
[Date "2014.02.15"]
[Round "5.76"]
[White "Burnett, Jim"]
[Black "Whatley, Stephen AJ (jnr)"]
[Result "1-0"]
[WhiteElo "2148"]
[BlackElo "1862"]
[PlyCount "51"]
[EventDate "2014.02.15"]
[WhiteTeam "White Rose 2"]
[BlackTeam "Brown Jack"]

1. d4 Nf6 2. c4 c5 3. Nf3 cxd4 4. Nxd4 b6 5. Nc3 Bb7 6. f3 e6 7. e4 d6 8. Be3
Be7 9. Be2 O-O 10. O-O Nbd7 11. Qd2 a6 12. Rfd1 Qc7 13. Rac1 Kh8 14. Bf1 Rad8
15. b3 Rg8 16. g3 Ne5 17. Bg2 Nfd7 18. Qe2 Nc5 19. f4 Nc6 20. Nxc6 Bxc6 21. Bd4
Qb7 22. b4 Nd7 23. b5 axb5 24. cxb5 Bxe4 25. Bxe4 d5 26. Bxh7 1-0

[Event "4NCL Division 2b"]
[Site "Hinckley Island ENG"]
[Date "2014.02.15"]
[Round "5.81"]
[White "Richardson, John R"]
[Black "Hackner, Oskar A"]
[Result "1-0"]
[WhiteElo "2329"]
[BlackElo "2099"]
[PlyCount "95"]
[EventDate "2014.02.15"]
[WhiteTeam "The AD's"]
[BlackTeam "Bradford DCA Knights A"]

1. d4 Nf6 2. c4 e6 3. Nc3 Bb4 4. e3 c5 5. Nge2 cxd4 6. exd4 d5 7. a3 Be7 8. Nf4
Nc6 9. Be3 O-O 10. cxd5 Nxd5 11. Ncxd5 exd5 12. g3 Bf5 13. Bg2 Be4 14. f3 Bf5
15. O-O Re8 16. Bf2 Bg5 17. Ne2 Qb6 18. b4 a5 19. Nc3 axb4 20. Nxd5 Qa5 21. f4
Be4 22. Bxe4 Rxe4 23. axb4 Qxd5 24. Rxa8+ Bd8 25. Re1 Rxe1+ 26. Qxe1 Kf8 27.
Qc3 b6 28. b5 Ne7 29. Qf3 Ke8 30. Qxd5 Nxd5 31. Ra3 f5 32. Kf1 Kd7 33. Ke2 Nf6
34. Kd3 Ne8 35. Be3 Nd6 36. d5 Nxb5 37. Rb3 Nc7 38. Bxb6 Nxd5 39. Bxd8 Kxd8 40.
Kd4 Ne7 41. Ke5 Ke8 42. Rb7 Nc6+ 43. Kd6 Nd4 44. Rxg7 h6 45. h4 Kf8 46. Rg6 Kf7
47. h5 Nf3 48. Rxh6 1-0

[Event "4NCL Division 2b"]
[Site "Hinckley Island ENG"]
[Date "2014.02.15"]
[Round "5.27"]
[White "Snape, Ian L"]
[Black "Somerset, William P"]
[Result "1/2-1/2"]
[WhiteElo "2219"]
[BlackElo "2030"]
[PlyCount "61"]
[EventDate "2014.02.15"]
[WhiteTeam "The AD's"]
[BlackTeam "Bradford DCA Knights A"]

1. e4 c5 2. Nf3 Nc6 3. d4 cxd4 4. Nxd4 Nf6 5. Nc3 d6 6. Bc4 e6 7. Be3 Be7 8.
Qe2 O-O 9. O-O-O a6 10. Bb3 Qc7 11. Rhg1 b5 12. g4 Nd7 13. Nxc6 Qxc6 14. Nd5
Bd8 15. g5 Bb7 16. Nf6+ Nxf6 17. gxf6 Bxf6 18. Bd4 Bxd4 19. Rxd4 a5 20. a4 Qc5
21. Rgd1 bxa4 22. Bxa4 d5 23. e5 Ba6 24. Qh5 Rfb8 25. Rf4 Ra7 26. Rg1 Rb4 27.
Rxg7+ Kxg7 28. Qg5+ Kf8 29. Qh6+ Kg8 30. Qg5+ Kf8 31. Qh6+ 1/2-1/2

[Event "4NCL Division 2b"]
[Site "Hinckley Island ENG"]
[Date "2014.02.15"]
[Round "5.84"]
[White "Drabble, Andrew"]
[Black "Swindells, Jonathan E"]
[Result "1/2-1/2"]
[WhiteElo "2079"]
[BlackElo "2158"]
[PlyCount "61"]
[EventDate "2014.02.15"]
[WhiteTeam "Bradford DCA Knights A"]
[BlackTeam "The AD's"]

1. d4 Nf6 2. Nf3 g6 3. g3 Bg7 4. Bg2 O-O 5. O-O d6 6. c4 c5 7. Nc3 Nc6 8. d5
Na5 9. Nd2 a6 10. Qc2 Rb8 11. Rb1 b5 12. b3 Nd7 13. Bb2 bxc4 14. bxc4 Ne5 15.
Nd1 Bd7 16. f4 Rxb2 17. Nxb2 Ng4 18. Nd1 e5 19. h3 Nh6 20. e4 exf4 21. gxf4 f5
22. Nf2 fxe4 23. Nfxe4 Nf5 24. Qd3 Qh4 25. Kh2 Bd4 26. Rbe1 Nh6 27. Qg3 Ng4+
28. Kh1 Nf2+ 29. Kh2 Ng4+ 30. Kh1 Nf2+ 31. Kh2 1/2-1/2

[Event "4NCL Division 2b"]
[Site "Hinckley Island ENG"]
[Date "2014.02.15"]
[Round "5.85"]
[White "Besedin, Pavel"]
[Black "Sullivan, Daniel JS"]
[Result "1/2-1/2"]
[WhiteElo "2121"]
[BlackElo "1976"]
[PlyCount "40"]
[EventDate "2014.02.15"]
[WhiteTeam "The AD's"]
[BlackTeam "Bradford DCA Knights A"]

1. e4 e5 2. Nf3 Nc6 3. Bb5 Nf6 4. O-O Bc5 5. c3 O-O 6. d3 d6 7. Bg5 h6 8. Bh4
a6 9. Ba4 Ba7 10. Nbd2 Ne7 11. Re1 g5 12. Bg3 Ng6 13. d4 exd4 14. Nxd4 h5 15.
e5 dxe5 16. Bxe5 Nxe5 17. Rxe5 Ng4 18. Re4 Nf6 19. Re5 Ng4 20. Re4 Nf6 1/2-1/2

[Event "4NCL Division 2b"]
[Site "Hinckley Island ENG"]
[Date "2014.02.15"]
[Round "5.86"]
[White "Bak, Andrew"]
[Black "Anderton, David W"]
[Result "0-1"]
[WhiteElo "2061"]
[BlackElo "2187"]
[PlyCount "164"]
[EventDate "2014.02.15"]
[WhiteTeam "Bradford DCA Knights A"]
[BlackTeam "The AD's"]

1. e4 e6 2. d4 d5 3. Nc3 Nf6 4. e5 Nfd7 5. f4 c5 6. Nf3 Nc6 7. Be3 a6 8. Qd2 b5
9. dxc5 Bxc5 10. Nd4 Qb6 11. Nce2 b4 12. Kf2 Ncxe5 13. fxe5 Nxe5 14. c3 Ng4+
15. Kf3 e5 16. cxb4 Qf6+ 17. Bf4 Bxd4 18. Nxd4 exd4 19. Kg3 O-O 20. Be2 Ne3 21.
Bxe3 dxe3 22. Qxe3 Qxb2 23. Rhb1 Qf6 24. Rd1 Be6 25. Bf3 Rac8 26. Rd4 Rc2 27.
h3 Rfc8 28. a4 R8c3 29. Qf4 Qxf4+ 30. Kxf4 f6 31. Rad1 g5+ 32. Kg3 h5 33. R1d3
h4+ 34. Kh2 Rxd3 35. Rxd3 Rb2 36. Bxd5 Bxd5 37. Rxd5 Rxb4 38. Ra5 Rb6 39. Kg1
Kf7 40. Kf2 Re6 41. Kf3 Kg6 42. Rc5 Re5 43. Rc6 a5 44. Rc4 Kf5 45. Rc6 Rd5 46.
Ke3 Ke5 47. Kf3 f5 48. Ke3 f4+ 49. Kf3 Kf5 50. Rc8 Rd3+ 51. Ke2 Re3+ 52. Kf2
Re5 53. Kf3 Re3+ 54. Kf2 Re4 55. Rc5+ Re5 56. Rc4 g4 57. hxg4+ Kxg4 58. Rc8 Re4
59. Rg8+ Kf5 60. Rh8 Rxa4 61. Rxh4 Ra2+ 62. Kf3 Ra3+ 63. Kf2 Ke4 64. Rh8 Ra2+
65. Kf1 Rb2 66. Ra8 Rb5 67. Kf2 Rd5 68. Ra7 Rd2+ 69. Kf1 Ra2 70. Re7+ Kd3 71.
Rf7 Ra4 72. g3 fxg3 73. Rf3+ Kd2 74. Rxg3 Rf4+ 75. Kg2 a4 76. Rg8 Kc3 77. Kg3
Rb4 78. Rf8 a3 79. Rf3+ Kb2 80. Rf2+ Kb3 81. Rf3+ Ka4 82. Rf2 Rc4 0-1

[Event "4NCL Division 2b"]
[Site "Hinckley Island ENG"]
[Date "2014.02.15"]
[Round "5.87"]
[White "Bellin, Jana M"]
[Black "Slinger, AJ (Tony)"]
[Result "1/2-1/2"]
[WhiteElo "2087"]
[BlackElo "1941"]
[PlyCount "87"]
[EventDate "2014.02.15"]
[WhiteTeam "The AD's"]
[BlackTeam "Bradford DCA Knights A"]

1. d4 e6 2. Nf3 c5 3. e3 Nf6 4. Bd3 b6 5. O-O Bb7 6. Nbd2 Be7 7. b3 d6 8. Bb2
Nbd7 9. c4 Qc7 10. Rc1 O-O 11. Qe2 Rfe8 12. e4 e5 13. d5 g6 14. g3 Bf8 15. Nh4
Bg7 16. Rce1 a5 17. a4 Rf8 18. f4 Rae8 19. Ndf3 Bc8 20. f5 Nb8 21. Nd2 g5 22.
Nhf3 h6 23. Bc1 Nh7 24. h4 f6 25. hxg5 fxg5 26. Nh2 Nd7 27. Ng4 Ndf6 28. Nxf6+
Nxf6 29. g4 Nh7 30. Rf2 Qe7 31. Rh2 Qf6 32. Nf1 Qe7 33. Ng3 Nf6 34. Kg2 Kf7 35.
Reh1 Rh8 36. Be3 Reg8 37. Nh5 Kf8 38. Nxf6 Qxf6 39. Qd2 Bd7 40. Be2 Be8 41. Bf3
Bf7 42. Kf1 Ke8 43. Ke2 Kd7 44. Kd3 1/2-1/2

[Event "4NCL Division 2c"]
[Site "Hinckley Island ENG"]
[Date "2014.05.05"]
[Round "11.212"]
[White "Thomas, Nicholas"]
[Black "Wheeler, Darren P"]
[Result "1/2-1/2"]
[WhiteElo "2296"]
[BlackElo "2259"]
[PlyCount "23"]
[EventDate "2014.05.05"]
[WhiteTeam "Warwickshire Select 1"]
[BlackTeam "The AD's"]

1. e4 e6 2. d4 d5 3. Nc3 Bb4 4. exd5 exd5 5. Bd3 Nc6 6. a3 Bxc3+ 7. bxc3 Be6 8.
Nf3 Qd7 9. Rb1 O-O-O 10. O-O f6 11. Re1 Re8 12. Qe2 1/2-1/2

[Event "4NCL Division 2c"]
[Site "Hinckley Island ENG"]
[Date "2014.05.05"]
[Round "11.213"]
[White "Snape, Ian L"]
[Black "Pitcher, John"]
[Result "1/2-1/2"]
[WhiteElo "2206"]
[BlackElo "2252"]
[PlyCount "71"]
[EventDate "2014.05.05"]
[WhiteTeam "The AD's"]
[BlackTeam "Warwickshire Select 1"]

1. e4 c5 2. Nf3 e6 3. d4 cxd4 4. Nxd4 Nc6 5. Nc3 Qc7 6. Be3 a6 7. Qd2 Nf6 8.
O-O-O Be7 9. f3 h5 10. Nxc6 dxc6 11. Qf2 b5 12. Bb6 Qb7 13. Bd4 Qc7 14. Qg3
Qxg3 15. hxg3 c5 16. Be3 Bb7 17. g4 g6 18. Be2 Bc6 19. gxh5 Rxh5 20. g4 Rxh1
21. Rxh1 O-O-O 22. Bg5 Kb7 23. Nd1 Re8 24. Ne3 Nd7 25. Bxe7 Rxe7 26. Rh7 Nf6
27. Rh8 Re8 28. Rh2 Nd7 29. g5 Kc7 30. Ng4 Kd6 31. Rh7 Rf8 32. Kd2 Ke7 33. Ke3
e5 34. Bf1 Kd6 35. Bh3 Nb6 36. b3 1/2-1/2

[Event "4NCL Division 2c"]
[Site "Hinckley Island ENG"]
[Date "2014.05.05"]
[Round "11.214"]
[White "Mason, Donald J"]
[Black "Swindells, Jonathan E"]
[Result "1/2-1/2"]
[WhiteElo "2212"]
[BlackElo "2161"]
[PlyCount "28"]
[EventDate "2014.05.05"]
[WhiteTeam "Warwickshire Select 1"]
[BlackTeam "The AD's"]

1. c4 g6 2. Nc3 Bg7 3. g3 Nf6 4. Bg2 O-O 5. d3 c5 6. e4 d6 7. Nge2 Nc6 8. O-O
Ne8 9. Rb1 Nc7 10. a3 Bg4 11. f3 Bd7 12. b4 Rb8 13. b5 Nd4 14. Bd2 Nce6 1/2-1/2

[Event "4NCL Division 2c"]
[Site "Hinckley Island ENG"]
[Date "2014.05.05"]
[Round "11.215"]
[White "Besedin, Pavel"]
[Black "Stepanyan, Henrik"]
[Result "1/2-1/2"]
[WhiteElo "2126"]
[BlackElo "2022"]
[PlyCount "23"]
[EventDate "2014.05.05"]
[WhiteTeam "The AD's"]
[BlackTeam "Warwickshire Select 1"]

1. e4 e5 2. Nf3 Nc6 3. Bb5 Nf6 4. O-O Bc5 5. Nc3 d6 6. d4 exd4 7. Nxd4 Bd7 8.
Nf5 O-O 9. Bxc6 bxc6 10. Qf3 Bxf5 11. Qxf5 Qd7 12. Qxd7 1/2-1/2

[Event "4NCL Division 2c"]
[Site "Hinckley Island ENG"]
[Date "2014.05.05"]
[Round "11.216"]
[White "Lam, Paul GM"]
[Black "Anderton, David W"]
[Result "1-0"]
[WhiteElo "2119"]
[BlackElo "2191"]
[PlyCount "41"]
[EventDate "2014.05.05"]
[WhiteTeam "Warwickshire Select 1"]
[BlackTeam "The AD's"]

1. Nc3 d5 2. d4 Nf6 3. Bg5 e6 4. e3 c5 5. Nf3 Nc6 6. Bd3 Be7 7. O-O O-O 8. dxc5
Bxc5 9. e4 dxe4 10. Bxf6 Qxf6 11. Nxe4 Qe7 12. Nfg5 h6 13. Qh5 f5 14. Qg6 hxg5
15. Nxg5 Qxg5 16. Qxg5 Bd7 17. Bb5 a6 18. Rad1 Rf7 19. Bc4 Re8 20. Rxd7 Rxd7
21. Qxf5 1-0

[Event "4NCL Division 2c"]
[Site "Hinckley Island ENG"]
[Date "2014.05.05"]
[Round "11.217"]
[White "Bellin, Jana M"]
[Black "Shephard, Chris CW"]
[Result "1/2-1/2"]
[WhiteElo "2086"]
[BlackElo "2174"]
[PlyCount "29"]
[EventDate "2014.05.05"]
[WhiteTeam "The AD's"]
[BlackTeam "Warwickshire Select 1"]

1. d4 Nf6 2. Nf3 g6 3. c3 d6 4. Bg5 Bg7 5. Nbd2 Nbd7 6. e4 e5 7. Bc4 O-O 8.
dxe5 dxe5 9. O-O a5 10. a4 h6 11. Bxf6 Qxf6 12. Qc2 Re8 13. Rfd1 Nc5 14. Bf1
Bg4 15. h3 1/2-1/2

[Event "4NCL Division 2c"]
[Site "Hinckley Island ENG"]
[Date "2014.05.05"]
[Round "11.221"]
[White "Reid, John"]
[Black "Lee, Richard WY"]
[Result "1-0"]
[WhiteElo "2158"]
[BlackElo "2152"]
[PlyCount "73"]
[EventDate "2014.05.05"]
[WhiteTeam "Hackney"]
[BlackTeam "Cambridge University 2"]

1. d4 d5 2. c4 c6 3. Nf3 Nf6 4. Nc3 dxc4 5. a4 Bf5 6. Ne5 Nbd7 7. Nxc4 Nb6 8.
Ne5 a5 9. f3 Nfd7 10. Nxd7 Nxd7 11. e4 Bg6 12. Be3 Qb6 13. Qd2 e6 14. Bc4 O-O-O
15. O-O e5 16. d5 Bc5 17. Rfe1 Bxe3+ 18. Rxe3 Qd4 19. Qe2 Nb6 20. Bb3 Kb8 21.
Kh1 Qb4 22. Ra3 Qe7 23. h3 Rd6 24. Ba2 Qc7 25. Qe1 Nd7 26. Nb1 Rc8 27. Rec3 Qb6
28. Nd2 Qd8 29. Nc4 Rf6 30. d6 Nf8 31. Rd3 Ne6 32. d7 Rc7 33. Nb6 Nd4 34. Qxa5
Rxd7 35. Qxe5+ Rdd6 36. Rxd4 Rfe6 37. Bxe6 1-0

[Event "4NCL Division 2c"]
[Site "Hinckley Island ENG"]
[Date "2014.05.05"]
[Round "11.222"]
[White "Spencer, Carl J"]
[Black "Suarez Garcia, Carlos"]
[Result "0-1"]
[WhiteElo "2190"]
[BlackElo "2376"]
[PlyCount "100"]
[EventDate "2014.05.05"]
[WhiteTeam "Cambridge University 2"]
[BlackTeam "Hackney"]

1. e4 d6 2. d4 Nf6 3. Nc3 g6 4. Nf3 Bg7 5. Be2 O-O 6. O-O Nc6 7. h3 e5 8. Be3
exd4 9. Nxd4 Re8 10. Nxc6 bxc6 11. Bd3 c5 12. Re1 Rb8 13. Rb1 Bb7 14. Bg5 h6
15. Bh4 Qc8 16. b3 Nd7 17. Nd5 Bxd5 18. exd5 Rxe1+ 19. Qxe1 Nb6 20. c4 Nd7 21.
f4 Bd4+ 22. Bf2 Bxf2+ 23. Qxf2 Qd8 24. Re1 Qf6 25. Kh2 a5 26. g3 Qd4 27. Qxd4
cxd4 28. Re4 a4 29. Rxd4 axb3 30. axb3 Rxb3 31. g4 Rb2+ 32. Kg3 Rd2 33. Kf3 Nc5
34. Ke3 Nb3 35. Re4 Kf8 36. Be2 Ra2 37. Bf1 Nd2 38. Bd3 Nxe4 39. Kxe4 Rh2 40.
Bf1 Rh1 41. Bg2 Rc1 42. Kd3 Rg1 43. Bf3 Rg3 44. Ke3 Rxh3 45. Kf2 Kg7 46. Kg2
Rxf3 47. Kxf3 h5 48. gxh5 gxh5 49. Kg3 Kg6 50. Kh4 Kf5 0-1